00541cam a2200205 i 45000010009000000050017000090080041000260200018000670400028000850820019001131000020001322450056001522500019002082600037002273000017002646500021002816500012003029420006003149990015003202004988920250227004143.0170925e201709 ce a b 000 0ctamo  a9789553857408 aDLCbengerdacDLCdDLC 27037a920bSAR1 aSarawanan, K. N10aArinthavarkalum Ariyaathavaiyum (Known and Unknown) aMutal patippu. aKandanabBookvin Publisherc2017 axii, 228 p., 0aSocial reformers 0aBritish cL c5987d5987